A primer in positive psychology / (Record no. 57771)

MARC details
000 -LEADER
fixed length control field 00967nam a22002057a 4500
001 - CONTROL NUMBER
control field 57771
005 - DATE AND TIME OF LATEST TRANSACTION
control field 20260418165004.0
008 - FIXED-LENGTH DATA ELEMENTS--GENERAL INFORMATION
fixed length control field 260309s2006 enka b 001 0 eng
020 ## - INTERNATIONAL STANDARD BOOK NUMBER
ISBN 9780195188332
040 ## - CATALOGING SOURCE
Original cataloging agency BD-DhIUB
Transcribing agency BD-DhIUB
Modifying agency BD-DhIUB
082 00 - DEWEY DECIMAL CLASSIFICATION NUMBER
Classification number 150.198
Edition number 22
Item number P477p
100 1# - MAIN ENTRY--PERSONAL NAME
Personal name Peterson, Christopher,
Dates associated with a name 1950 February 18-
245 12 - TITLE STATEMENT
Title A primer in positive psychology /
Statement of responsibility, etc Christopher Peterson
260 ## - PUBLICATION, DISTRIBUTION, ETC. (IMPRINT)
Place of publication, distribution, etc Oxford ;
-- New York :
Name of publisher, distributor, etc Oxford University Press,
Date of publication, distribution, etc 2006.
300 ## - PHYSICAL DESCRIPTION
Extent viii, 386 p. :
Other physical details ill. ;
Dimensions 26 cm.
505 0# - FORMATTED CONTENTS NOTE
Formatted contents note What is positive psychology? -- Learning about positive psychology: not a spectator sport -- Pleasure and positive experience -- Happiness -- Positive thinking -- Character strengths -- Values -- Interests, abilities, and accomplishments -- Wellness -- Positive interpersonal relationships -- Enabling institutions -- The future of positive psychology.
526 ## - STUDY PROGRAM INFORMATION NOTE
School name Library
Shelving Location General Stacks
650 #0 - SUBJECT ADDED ENTRY--TOPICAL TERM
Topical term or geographic name as entry element Positive psychology.
942 ## - ADDED ENTRY ELEMENTS (KOHA)
Source of classification or shelving scheme Dewey Decimal Classification
Koha item type Books
Holdings
Withdrawn status Lost status Source of classification or shelving scheme Damaged status Not for loan Home library Current library Shelving location Date acquired Source of acquisition Serial Enumeration / chronology Total Checkouts Full call number Barcode Date last seen Copy number Price effective from Koha item type
    Dewey Decimal Classification     Library, Independent University, Bangladesh (IUB) Library, Independent University, Bangladesh (IUB) General Stacks 09/03/2026 Gift / Donation 2006   150.198 P477p G000692 18/04/2026 01 18/04/2026 Books